Statistics for Premier League Players By Letter - K

Click here to take the quiz!

General Stats

  • This quiz has been taken 341 times
  • The average score is 8 of 14

Answer Stats

First NameSurnameClub% Correct
HarryKaneTottenham Hotspur
94%
NgoloKantéLeicester City
89%
VincentKompanyManchester City
80%
Sung-yuengKiSwansea City
73%
LaurentKoscielnyArsenal
62%
AlexandrKolarovManchester City
57%
AndyKingLeicester City
55%
TimKrulNewcastle United
55%
YounèsKaboulSunderland
53%
CheikhouKouyatéWest Ham
51%
ArounaKonéEverton
50%
BojanKrkicStoke City
43%
AndrejKramaricLeicester City
32%
YannKermorgantBournemouth
12%

Score Distribution

Percentile by Number Answered

Percent of People with Each Score

Your Score History

You have not taken this quiz